Base técnica : (Record no. 137389)

MARC details
000 -CABECERA
campo de control de longitud fija 04179nam a2200505 i 4500
001 - NÚMERO DE CONTROL
campo de control 991061740190506706
003 - IDENTIFICADOR DEL NÚMERO DE CONTROL
campo de control ES-BaIT
005 - FECHA Y HORA DE LA ÚLTIMA TRANSACCIÓN
campo de control 20260423091008.0
008 - DATOS DE LONGITUD FIJA--INFORMACIÓN GENERAL
campo de control de longitud fija 260319e202510 spc|||| |||| 0|0 0 spa|
015 ## - NÚMERO DE BIBLIOGRAFÍA NACIONAL
Número de bibliografía nacional LL2026
Fuente bnc
017 ## - NÚMERO DE COPYRIGHT O DE DEPÓSITO LEGAL
Número de copyright o de depósito legal DL B 20335-2025
Agencia que asigna Biblioteca de Catalunya
020 ## - NÚMERO INTERNACIONAL ESTÁNDAR DEL LIBRO
Número Internacional Estándar del Libro 9788412966176
040 ## - FUENTE DE LA CATALOGACIÓN
Centro catalogador/agencia de origen ES-BaBC
Lengua de catalogación cat
Normas de descripción rda
Centro/agencia transcriptor ES-BaBC
041 1# - CÓDIGO DE LENGUA
Código de lengua del texto/banda sonora o título independiente spa
Código de lengua original cat
080 ## - NÚMERO DE LA CLASIFICACIÓN DECIMAL UNIVERSAL
Número de la Clasificación Decimal Universal 791/793:37.02
Identificador de la edición 2004
080 ## - NÚMERO DE LA CLASIFICACIÓN DECIMAL UNIVERSAL
Número de la Clasificación Decimal Universal 372.36
Identificador de la edición 2004
080 ## - NÚMERO DE LA CLASIFICACIÓN DECIMAL UNIVERSAL
Número de la Clasificación Decimal Universal 159.925
Identificador de la edición 2004
080 ## - NÚMERO DE LA CLASIFICACIÓN DECIMAL UNIVERSAL
Número de la Clasificación Decimal Universal 792.028.31
100 1# - ENTRADA PRINCIPAL--NOMBRE DE PERSONA
Nombre de persona Morin, Anne,
Fechas asociadas al nombre 1957-
Término indicativo de función/relación autor
9 (RLIN) 169284
240 1# - TÍTULO UNIFORME
Título uniforme Base tècnica.
Lenguaje de la obra Castellà
9 (RLIN) 169285
245 10 - MENCIÓN DE TÍTULO
Título Base técnica :
Resto del título método de conciencia corporal para artistas escénicos /
Mención de responsabilidad, etc. Anne Morin ; ilustraciones: Noa Sauer
250 ## - MENCIÓN DE EDICIÓN
Mención de edición Primera edición
264 #1 - PRODUCCIÓN, PUBLICACIÓN, DISTRIBUCIÓN, FABRICACIÓN Y COPYRIGHT
Producción, publicación, distribución, fabricación y copyright El Masnou, Maresme, Barcelona :
Nombre del de productor, editor, distribuidor, fabricante Neret Edicions,
Fecha de producción, publicación, distribución, fabricación o copyright octubre 2025
300 ## - DESCRIPCIÓN FÍSICA
Extensión 131 pàgines :
Otras características físicas il·lustracions en color ;
Dimensiones 24 cm
336 ## - TIPO DE CONTENIDO
Término de tipo de contenido text
Código de tipo de contenido txt
Fuente rdacontent
337 ## - TIPO DE MEDIO
Nombre/término del tipo de medio sense mediació
Código del tipo de medio n
Fuente rdamedia
338 ## - TIPO DE SOPORTE
Nombre/término del tipo de soporte volum
Código del tipo de soporte nc
Fuente rdacarrier
490 1# - MENCIÓN DE SERIE
Mención de serie Art de fer ;
Designación de volumen o secuencia 9
500 ## - NOTA GENERAL
Nota general Títol original: Base tècnica : mètode de consciència corporal per a artistes escènics
500 ## - NOTA GENERAL
Nota general Inclou codis QR amb accés a contingut addicional
505 8# - NOTA DE CONTENIDO CON FORMATO
Nota de contenido con formato Conté: 1. Prólogo -- 2. Introducción -- 3. Contra la mala praxis, la precariedad y el paso del tiempo -- 4. Las imágenes -- 5. Lo que hay que saber -- 5.1. Conectar con el cuerpo para habitar el movimiento -- 5.2. Fundamentos para la consciencia corporal -- 5.3. Conceptos básicos: lo que sí y lo que no -- 5.4. Limitar las repeticiones, la mejor elección -- 5.5. A la búsqueda de sensaciones -- 5.6. Nomenclatura básica -- 5.7. Los básicos de la anatomía -- 6. Las rutinas -- 6.1. Preparación del cuerpo -- 6.2. Pies y piernas -- 6.3. Piernas: fuera de eje -- 6.4. En el suelo I -- 6.5. En el suelo II: boca arriba y espalda al suelo -- 6.6. En el suelo III: piernas -- 6.7. Boca abajo y regreso a la posición erguida -- 7. Vivir el cuerpo más allá del entrenamiento -- 7.1. Pre y post: un protocolo para el artista escénico -- 7.2. Situaciones cotidianas -- 7.3. Y nos hacemos mayores… -- 8. ¿Y si finalmente la lesión llega? Cómo asumirlo sin entrar en pánico -- 9. Antes y después: testimonios de personas que han experimentado el método
520 ## - SUMARIO, ETC.
Sumario, etc. "Base Técnica es una propuesta integral de ejercicios para trabajar el cuerpo de manera consciente.A partir de su experiencia como bailarina y artista de circo, y viendo que muchos profesionales de las artes escénicas se lesionan con frecuencia y en muchos casos tienen que abandonar sus carreras profesionales, Anne Morin ha desarrollado un método para un trabajo suave y progresivo que pone conciencia a las posibilidades y los límites del cuerpo en movimiento, y que comparte aquí de manera íntegra.Cómo destaca el osteópata y fisioterapeuta Juan Alain Olivier, se trata de un método con «una base biomecánica sólidamente fundamentada en un cuerpo coherente de conocimientos […] Anne entiende el movimiento humano como lo que realmente es: una compleja interrelación de sumas y matices, de gestos complementarios que juntos generan la armonía del conjunto. Esta comprensión se traduce en una ejecución natural, fluida, orgánica. Los movimientos propuestos parecen casi innatos, como si hubieran estado desde siempre esperando a ser descubiertos.»El libro se acompaña de las ilustraciones de Noa Sauer y los videos de Susana García Dorta, que complementan el método y ayudan a implementar mejor la propuesta de la autora. También queremos mencionar la tarea de acompañamiento a la elaboración del texto de Esther Morales Hernández." -- Contracoberta
650 #7 - PUNTO DE ACCESO ADICIONAL DE MATERIA--TÉRMINO DE MATERIA
Término de materia o nombre geográfico como elemento de entrada Educació psicomotriu
9 (RLIN) 56762
650 #0 - PUNTO DE ACCESO ADICIONAL DE MATERIA--TÉRMINO DE MATERIA
Término de materia o nombre geográfico como elemento de entrada Aprenentatge motor
Fuente del encabezamiento o término lemac
9 (RLIN) 101162
650 #7 - PUNTO DE ACCESO ADICIONAL DE MATERIA--TÉRMINO DE MATERIA
Término de materia o nombre geográfico como elemento de entrada Estirament (Exercici)
9 (RLIN) 56840
650 #7 - PUNTO DE ACCESO ADICIONAL DE MATERIA--TÉRMINO DE MATERIA
Término de materia o nombre geográfico como elemento de entrada Exercici terapèutic
9 (RLIN) 56866
650 #7 - PUNTO DE ACCESO ADICIONAL DE MATERIA--TÉRMINO DE MATERIA
Término de materia o nombre geográfico como elemento de entrada Expressió corporal
9 (RLIN) 56877
650 #0 - PUNTO DE ACCESO ADICIONAL DE MATERIA--TÉRMINO DE MATERIA
Término de materia o nombre geográfico como elemento de entrada Expressió corporal
Subdivisión general Tècniques
9 (RLIN) 73832
650 #7 - PUNTO DE ACCESO ADICIONAL DE MATERIA--TÉRMINO DE MATERIA
Término de materia o nombre geográfico como elemento de entrada Ment i cos
9 (RLIN) 57264
700 1# - ENTRADA AGREGADA--NOMBRE PERSONAL
Nombre de persona Sauer, Noa
Término indicativo de función/relación il·lustrador
9 (RLIN) 169286
830 ## - PUNTO DE ACCESO ADICIONAL DE SERIE-TÍTULO UNIFORME
Título uniforme Art de fer
Designación de volumen o secuencia 9
9 (RLIN) 159979
908 ## - COLOCAR PARÁMETRO DE COMANDO (RLIN)
Colocar parámetro de comando BC
-- CDMAE
940 ## - EQUIVALENCIA O REFERENCIA-CRUZADA--TÍTULO UNIFORME [OBSOLETO] [solamente CAN/MARC]
Título uniforme <a href="BC">BC</a>
942 ## - ELEMENTOS DE ENTRADA AGREGADA (KOHA)
Fuente del sistema de clasificación o colocación Clasificación decimal universal
Tipo de ítem Koha Llibre
Holdings
Estado de retiro Estado de pérdida Fuente del sistema de clasificación o colocación Estado dañado No para préstamo Localización permanente Ubicación/localización actual Ubicación en estantería Fecha de adquisición Fuente de adquisición Total de préstamos Signatura topográfica completa Código de barras Fecha visto por última vez Precio válido a partir de Tipo de ítem Koha
    Clasificación decimal universal     Biblioteca Barcelona Biblioteca Barcelona BCN Lliure Accés 23/04/2026 Compra   792.028.31 MOR 1900090031 23/04/2026 23/04/2026 Llibre

Powered by Koha